99 Largest Fast Food Chains / Restaurants Worldwide - Statistics

General Stats
  • This quiz has been taken 106 times
  • The average score is 24 of 99
Answer Stats
# of Locations Fast Food Chain % Correct
41,822 McDonald's
100%
19,384 Burger King
96%
30,000 KFC
92%
37,000 Subway
87%
18,866 Pizza Hut
81%
40,199 Starbucks
81%
7,166 Wendy's
81%
8,218 Taco Bell
77%
20,591 Domino's
74%
2,700 Chick-Fil-A
65%
5,650 Papa John's
60%
3,705 Popeyes
58%
12,700 Dunkin' Donuts
57%
2,962 Chipotle
56%
5,463 Little Caesars
53%
3,405 Arby's
49%
3,800 Carl's Jr.
49%
7,500 Dairy Queen
49%
3,800 Hardee's
49%
2,180 Panda Express
49%
1,500 Five Guys
48%
5,701 Tim Hortons
44%
3,493 Sonic Drive-In
40%
735 Whataburger
40%
919 Olive Garden
38%
4,000 Panera
38%
1,680 Applebee's
32%
7,800 Baskin Robbins
32%
1000 Culver's
32%
10,427 Krispy Kreme
29%
1,751 IHOP
27%
2,754 Jimmy John's
27%
1,640 Denny's
26%
2,267 Jack-in-the-Box
26%
2,500 Jersey Mike's Subs
26%
1,596 Chili's
25%
1,700 Jollibee
25%
1,200 Long John Silver's
25%
626 Qdoba
25%
1,500 Waffle House
25%
1,700 Church's Texas Chicken
23%
941 Zaxby's
23%
1,028 A&W
21%
1,500 Quiznos
21%
913 Nando's
18%
1,213 Firehouse Subs
17%
780 Bojangles' Famous Chicken n' Biscuits
16%
2,200 Greggs
16%
1,021 Outback Steakhouse
16%
1,404 Papa Murphy's
16%
634 Moe's Southwest Grill
14%
637 Texas Roadhouse
14%
4,000 Costa Coffee
12%
1,800 Auntie Anne's
10%
2,879 Cold Stone Creamery
10%
1,175 Buffalo Wild Wings
9%
1,800 Chester's
8%
1,600 Cinnabon
8%
2,879 Blimpie
6%
10,000 Hunt Brothers Pizza
6%
832 Häagen-Dazs
5%
1,681 MOS Burger
5%
630 Pizza Pizza
5%
8,437 Auntea Jenny
4%
8,016 ChaPanda
4%
878 Checkers and Rally's
4%
10,000 Cotti Coffee
4%
9,675 Good Me
4%
22,340 Luckin Coffee
4%
45,000 Mixue Ice Cream and Tea
4%
1,164 Orange Julius
4%
618 Rita's Italian Ice
4%
7,254 Tastien
4%
20,065 Wallace
4%
1,600 WingStreet
4%
1,080 Bob's
3%
6,000 Chagee
3%
2,500 Dicos
3%
4,000 Hey Tea
3%
1,461 Ichibanya
3%
1,946 Sukiya
3%
1,800 Chooks-to-Go
1%
4,000 Einstein Bros. Bagels
1%
1,404 Home Original Chicken
1%
1,300 Kebab Turki Baba Rafi
1%
2,000 KwaFood
1%
1,000 MrBeast Burger
1%
1,850 Pala Hamburger
1%
2,000 Pelicana Chicken
1%
1,376 Telepizza
1%
850 Vkusno i Tochka
1%
861 Wetherspoons
1%
1,000 85°C Bakery Cafe
0%
1,118 Bobo Pizza
0%
836 BreadTalk
0%
780 Café Coffee Day
0%
1,000 Gloria Jean's Coffees
0%
1,800 Micun Bibimbap
0%
700 SFC Plus
0%
No matching quizzes found
Score Distribution
Percent of People with Each Score
Percentile by Number Answered
Your Score History
You have not taken this quiz